| 000 | 00609nam a22001937a 4500 | ||
|---|---|---|---|
| 003 | OSt | ||
| 005 | 20140310182329.0 | ||
| 008 | 130921t xxu||||| |||| 00| 0 eng d | ||
| 020 | _a9781850782285 | ||
| 050 |
_aBS 535 _b.G786c24 1995 |
||
| 082 |
_aGS 220.9 _bG79 1995 |
||
| 245 | _aThe church at the end of the first century / | ||
| 260 |
_aUK : _bOM Publishing, _cc1995. |
||
| 300 |
_a48 p., _bcol. ill. ; _c 28 cm. |
||
| 440 |
_aThe great bible discovery _n#24 _p The church at the end of the first century. _921349 |
||
| 650 |
_aBible stories _910553 |
||
| 942 |
_2lcc _cBK-GS _eGS |
||
| 999 |
_c11946 _d11946 |
||